| 000 | 00639nam a2200217 a 4500 | ||
|---|---|---|---|
| 001 | 000023364 | ||
| 005 | 20200930022151.0 | ||
| 008 | 101203s1948 ag r 000 j spa d | ||
| 082 |
_a863.64 _bM669d, 1968 |
||
| 100 |
_aMiquelarena, Jacinto _948133 |
||
| 245 | 1 | 0 |
_aDon Adolfo, el libertino : _bnovela de 1900 / _cJacinto Miquelarena. |
| 250 | _a2a ed. | ||
| 260 |
_aBuenos Aires : _bEspasa-Calpe, _c1948. |
||
| 300 |
_a147 p. , ; _c18 cm. |
||
| 490 | 1 |
_aAustral. Azul _v854 |
|
| 650 | 4 |
_aNovela espaƱola _91123 |
|
| 650 | 4 |
_aLiteratura espaƱola _9632 |
|
| 830 | 0 |
_aAustral ; Azul. _v854 _948134 |
|
| 049 | _aBNGR | ||
| 999 |
_c22861 _d22861 |
||
| 040 | _aDO-SdBNP | ||